ბათუმის შოთა რუსთაველის სახელმწიფო უნივერსიტეტის ბიბლიოთეკა

წათხის ყველის წარმოება : (ბიბ.ჩანაწერი № 58695)

000 -ლიდერი
ფიქსირებული სიგრძის საკონტროლო ველი 01530nam a22002417a 4500
003 - საკონტროლო ნომრის იდენტიფიკატორი
საკონტროლო ველი Ge_BSU
005 - ბოლო ოპერაციის თარიღი და დრო
საკონტროლო ველი 20220630123522.0
008 - ფიქსირებული სიგრძის მონაცემთა ელემენტები - ზოგადი ინფორმაცია
ფიქსირებული სიგრძის საკონტროლო ველი 220630s2021 ge ||||| |||| 00| 0 geo d
041 ## - ენის კოდი
Language code of text/sound track or separate title geo
080 ## - უნივერსალური ათობითი კლასიფიკაციის ინდექსი
Universal Decimal Classification number 637.3 წ-17
245 ## - ცნობა სათაურის შესახებ
Title წათხის ყველის წარმოება :
Remainder of title სახელმძღვანელო /
Statement of responsibility, etc წიგნზე მუშაობდნენ გივი ბასილაზე, ელენე გიორგაძე, ირმა ანთია, ზურაბ პაპიაშვილი, თამარ ფირანიშვილი.
264 ## - წარმოების, გამოცემის, დისტრიბუციის და სხვა ცნობები
გამოცემის, წარმოების, დისტრიბუციის... თარიღი 2021.
300 ## - ფიზიკური აღწერა
Extent 276 გვ.:
Other physical details ილ.;
Dimensions 25 სმ.
500 ## - ზოგადი შენიშვნა
General note სახელმძღვანელო შედგენილია გაეროს განვითარების პროგრამისა (UNDP) და შვეიცარიის განვითარებისა და თანამშრომლობის სააგენტოს (SDC) მხარდაჭერით.
504 ## - BIBLIOGRAPHY, ETC. NOTE
Bibliography, etc ბიბლიოგრ. გვ. 276
653 ## - INDEX TERM--UNCONTROLLED
Uncontrolled term წათხის ყველის წარმოება
700 ## - ADDED ENTRY--PERSONAL NAME
Personal name ბასილაძე, გივი
9 (RLIN) 12609
700 ## - ADDED ENTRY--PERSONAL NAME
Personal name გიორგაძე, ელენე
9 (RLIN) 14249
700 ## - ADDED ENTRY--PERSONAL NAME
Personal name ანთია, ირმა
9 (RLIN) 14250
700 ## - ADDED ENTRY--PERSONAL NAME
Personal name პაპიაშვილი, ზურაბ
9 (RLIN) 14251
700 ## - ADDED ENTRY--PERSONAL NAME
Personal name ფირანიშვილი,თამარ
9 (RLIN) 14252
942 ## - ADDED ENTRY ELEMENTS (KOHA)
Source of classification or shelving scheme
Koha item type წიგნი
ეგზემპლარები
ჩამოწერის სტატუსი დაკარგული ეგზემპლარის სტატუსი კლასიფიკაციის წყარო ან თაროზე გაწყობის სქემა დაზიანების სტატუსი არ გაიცემა მუდმივი მდებარეობა (დაცვის ადგილი) ამჟამინდელი ადგილსამყოფელი თაროზე განთავსების ადგილი შეძენის თარიღი ღირებულება, შესყიდვის ნორმალური ფასი სრული შენახვის შიფრი შტრიხკოდი ბოლო ოპერაციის თარიღი ეგზემპლარის მიმდევრობითი ნომერი (კეტერი?) ფასის ძალაში შესვლის თარიღი ეგზემპლარის სახეობა საჯარო შენიშვნა
          პროფესიული პროგრამების მართვის და უწყვეტი განათლების ცენტრის ბიბლიოთეკა პროფესიული პროგრამების მართვის და უწყვეტი განათლების ცენტრის ბიბლიოთეკა წიგნსაცავი 2022-06-30 8.00 637.3 წ-17 62919 2022-06-30 62919 2022-06-30 წიგნი 8 ლ.